000
00260nam a2200109Ia 4500
008
200302s9999 xx 000 0 und d
100
_a
Bryan Little
245
_a
English Historic Architecture
260
_b
B. T. Batsford Ltd.
260
_c
1964
300
_a
256 P.,
999
_c
150
_d
150